SORPTION OF FISSION NUCLIDES ON MODEL MILK COMPONENTS. I. SORPTION OF RADIOSTRONTIUM ON HYDROXYAPATITE IN AQUEOUS SOLUTIONS

Bibliographic Details
Main Authors: Macášek, Fedor, 1937-2015 (Author), Krištín, J. (Author), Mátel, Ľubomír, 1951- (Author), Rosskopfová, O. (Author), Kopunec, Rudolf, 1935- (Author)
Format: Article
Language:English
ISBN:8096774123

MARC

LEADER 00000naa a2200000uu 4500
001 vtls010962154
003 SK-MaSNL
005 20260302142121.0
008 210907|1999 xo |||||||||||||||||eng|
015 |a SNBRA 
035 |a (urnnbn)urn:nbn:sk:snk:ar-a0bsot 
035 |a (uuid)ad47e9dc-232e-4bba-af6c-b9d6e4c0d9b0 
035 |a urn:nbn:sk:snk-aaukby 
040 |a SNKBUCL  |b slo  |c SNKBUCL  |e AACR2 
041 0 |a eng 
044 |a xo  |c SK 
100 1 |a Macášek, Fedor,  |d 1937-2015  |4 aut  |9 235329 
245 1 0 |a SORPTION OF FISSION NUCLIDES ON MODEL MILK COMPONENTS. I. SORPTION OF RADIOSTRONTIUM ON HYDROXYAPATITE IN AQUEOUS SOLUTIONS  |c F. Macášek, J. Krištín, Ľ. Mátel, O. Rosskopfová, R. Kopunec 
700 1 |a Krištín, J.  |4 aut  |9 299443 
700 1 |a Mátel, Ľubomír,  |d 1951-  |4 aut  |9 111382 
700 1 |a Rosskopfová, O.  |4 aut  |9 830572 
700 1 |a Kopunec, Rudolf,  |d 1935-  |4 aut  |9 39754 
773 0 |t Separation of ionic solutes  |d Bratislava : Omega Info, 1999  |g S. 100  |z 8096774123 
958 |a OND 
958 |a article11 
958 |a chapter 
999 |c 1338113  |d 1340043